<?xml version="1.0" encoding="UTF-8"?>
<record
    xmlns:xsi="http://www.w3.org/2001/XMLSchema-instance"
    xsi:schemaLocation="http://www.loc.gov/MARC21/slim http://www.loc.gov/standards/marcxml/schema/MARC21slim.xsd"
    xmlns="http://www.loc.gov/MARC21/slim">

  <leader>00454    a2200157   4500</leader>
  <controlfield tag="005">20250621073359.0</controlfield>
  <datafield tag="020" ind1=" " ind2=" ">
    <subfield code="a">0-07-232058-3</subfield>
  </datafield>
  <datafield tag="082" ind1=" " ind2=" ">
    <subfield code="a">519.5'02465 BOW</subfield>
  </datafield>
  <datafield tag="100" ind1=" " ind2=" ">
    <subfield code="a">BOWERMAN. B. L.</subfield>
  </datafield>
  <datafield tag="245" ind1=" " ind2=" ">
    <subfield code="a">Business Statistics in Practice.</subfield>
  </datafield>
  <datafield tag="250" ind1=" " ind2=" ">
    <subfield code="a">2nd Ed,</subfield>
  </datafield>
  <datafield tag="260" ind1=" " ind2=" ">
    <subfield code="a">NEW YORK,</subfield>
    <subfield code="b">Mc Graw Hill Irwin,</subfield>
    <subfield code="c">2001.</subfield>
  </datafield>
  <datafield tag="300" ind1=" " ind2=" ">
    <subfield code="a">xxiii, 856p.; ill, figure, picture $ table</subfield>
    <subfield code="b">Appendix $Indix</subfield>
    <subfield code="c">28cm</subfield>
  </datafield>
  <datafield tag="700" ind1=" " ind2=" ">
    <subfield code="a">O'CONNELL. R T, HAND. M. L.</subfield>
  </datafield>
  <datafield tag="942" ind1=" " ind2=" ">
    <subfield code="2">ddc</subfield>
    <subfield code="c">BKS</subfield>
  </datafield>
  <datafield tag="999" ind1=" " ind2=" ">
    <subfield code="c">4473</subfield>
    <subfield code="d">4473</subfield>
  </datafield>
  <datafield tag="952" ind1=" " ind2=" ">
    <subfield code="r">2025-06-20 08:12:13</subfield>
    <subfield code="l">0</subfield>
    <subfield code="o">519.5'O2465 BOW</subfield>
    <subfield code="p">DOM0003746</subfield>
    <subfield code="v">150000.00</subfield>
    <subfield code="w">2025-06-20</subfield>
    <subfield code="y">BKS</subfield>
    <subfield code="1">0</subfield>
    <subfield code="2">ddc</subfield>
    <subfield code="4">0</subfield>
    <subfield code="7">0</subfield>
    <subfield code="0">0</subfield>
    <subfield code="a">004</subfield>
    <subfield code="b">004</subfield>
    <subfield code="c">SPECIAL</subfield>
    <subfield code="d">2005-02-25</subfield>
    <subfield code="g">50000.00</subfield>
  </datafield>
</record>
